000 00632nam a2200277Ia 4500
005 20260324143137.0
008 008 260324s9999 xx 000 0 eng d
020 _a9780429500633
037 _aEBOOK
040 _aCRL
040 _beng
040 _cCRL
041 _2eng
041 _aeng
084 _qCRL
100 _aRichard Gerrig
_91214543
245 0 _aExperiencing Narrative Worlds
260 _bTaylor and Francis
260 _c1993
365 _a
365 _b300
856 _uhttp://www.taylorfrancis.com/books/9780429500633
942 _cEBOOK
999 _c1819602
_d1819602